| Tag |
First Indicator |
Second Indicator |
Subfields |
| LEADER |
00000cam a2200000 i 4500 |
| 001 |
in00003607038 |
| 005 |
20170928110449.0 |
| 008 |
140924t20152015onc d 000 1 eng |
| 020 |
|
|
|a 9781927485729
|q (paperback)
|
| 020 |
|
|
|a 192748572X
|q (paperback)
|
| 035 |
|
|
|a (OCoLC)ocn892301852
|
| 040 |
|
|
|a NLC
|b eng
|e rda
|c NLC
|d CDX
|d C#P
|d UtOrBLW
|
| 049 |
|
|
|a TXAM
|
| 055 |
|
0 |
|a PS8603 A795
|b U63 2015
|
| 082 |
0 |
|
|a jC813/.6
|2 23
|
| 090 |
|
|
|a PZ7.B29362
|b Unc 2015
|
| 100 |
1 |
|
|a Bass, Karen,
|d 1962-
|e author.
|0 http://id.loc.gov/authorities/names/no2008137220
|
| 245 |
1 |
0 |
|a Uncertain soldier /
|c Karen Bass.
|
| 250 |
|
|
|a First edition.
|
| 264 |
|
1 |
|a Toronto :
|b Pajama Press Inc.,
|c [2015]
|
| 264 |
|
4 |
|c ©2015
|
| 300 |
|
|
|a 287 pages ;
|c 21 cm.
|
| 336 |
|
|
|a text
|b txt
|2 rdacontent
|
| 337 |
|
|
|a unmediated
|b n
|2 rdamedia
|
| 338 |
|
|
|a volume
|b nc
|2 rdacarrier
|
| 520 |
|
|
|a It is World War II. Erich, a young German prisoner of war who dislikes Nazism, and Max, the twelve-year-old son of German immigrants, become friends when Erich is sent to work at a Canadian logging camp near Max's town. But with a saboteur haunting the logging camp and anti-German feeling running high in town, their friendship puts them both in danger.
|
| 650 |
|
0 |
|a Friendship
|v Juvenile fiction.
|0 http://id.loc.gov/authorities/subjects/sh2008103472
|
| 650 |
|
0 |
|a Interpersonal relations
|v Juvenile fiction.
|0 http://id.loc.gov/authorities/subjects/sh2008104864
|
| 650 |
|
0 |
|a World War, 1939-1945
|z Canada
|v Juvenile fiction.
|
| 655 |
|
7 |
|a Historical fiction.
|2 lcgft
|0 http://id.loc.gov/authorities/genreForms/gf2014026370
|
| 655 |
|
0 |
|a Young adult fiction.
|
| 945 |
|
|
|a PromptCat
|b 444572
|
| 946 |
|
|
|a curr
|
| 947 |
|
|
|a A14843350209
|
| 948 |
|
|
|a cataloged
|b h
|c 2016/1/22
|d c
|e dmitchel
|f 1:44:26 pm
|
| 994 |
|
|
|a 92
|b TXA
|
| 999 |
f |
f |
|s 0e26311c-c54b-3e0d-ad1e-b246824e669c
|i 8f248614-5a8d-3348-8df1-9807ec37e9b8
|t 0
|
| 952 |
f |
f |
|p normal
|a Texas A&M University
|b College Station
|c Sterling C. Evans Library
|d Evans: Curriculum Collection (4th floor)
|t 0
|e PZ7.B29362 Unc 2015
|h Library of Congress classification
|i unmediated -- volume
|m A14843350209
|
| 998 |
f |
f |
|a PZ7.B29362 Unc 2015
|t 0
|l Evans: Curriculum Collection (4th floor)
|